00233nam a22000977a 4500008004100000041000800041080000700049100000700056101000800063245006400071180307b xxu||||| |||| 00| 0 eng d aeng a54 a12 akim alaboratory manual for chemical and bacterialcfran.r.th